|
|
|
|
| LEADER |
01545nam a2200433 a 4500 |
| 001 |
000584350 |
| 003 |
CZ BrMZK |
| 005 |
20121130144556.0 |
| 008 |
020121s2001 xr e amul d |
| 015 |
|
|
|a cnb001027327
|
| 020 |
|
|
|a 80-7185-388-7
|
| 035 |
|
|
|a (OCoLC)50344461
|
| 040 |
|
|
|a BOA001
|b cze
|
| 043 |
|
|
|a e-xr---
|
| 045 |
|
|
|a x2x2
|
| 072 |
|
7 |
|a 74
|x Kresba. Umělecká řemesla
|2 Konspekt
|9 21
|
| 080 |
|
|
|a 741/744(437.3)
|2 MRF
|
| 080 |
|
|
|a 176
|2 MRF
|
| 080 |
|
|
|a 7.04
|2 MRF
|
| 080 |
|
|
|a (084.11)
|2 MRF
|
| 100 |
1 |
|
|a Váchal, Josef,
|d 1884-1969
|7 jk01141125
|4 aut
|
| 245 |
1 |
0 |
|a Erotikové /
|c Josef Váchal ; [k vydání připravil, doslov a životopisnou poznámku napsal Jaroslav Anděl]
|
| 246 |
3 |
1 |
|a <<The >>eroticists
|
| 250 |
|
|
|a Vyd. 1.
|
| 260 |
|
|
|a Praha :
|b Paseka,
|c 2001
|
| 300 |
|
|
|a 69 s. :
|b barev. il. ;
|c 23 cm
|
| 500 |
|
|
|a Název a tiráž též anglicky, text vícejazyčně
|
| 500 |
|
|
|a Na obálce podnázev: cyklus 20 kreseb
|
| 504 |
|
|
|a Obsahuje bibliografii a poznámky
|
| 600 |
1 |
7 |
|a Váchal, Josef,
|d 1884-1969
|7 jk01141125
|2 czenas
|
| 648 |
|
7 |
|a 20. století
|7 ch460558
|2 czenas
|
| 650 |
0 |
7 |
|a česká kresba
|7 ph116857
|y 20. stol.
|2 czenas
|
| 650 |
0 |
7 |
|a erotika
|7 ph119988
|2 czenas
|
| 650 |
0 |
7 |
|a umělecké náměty
|7 ph138227
|2 czenas
|
| 655 |
|
7 |
|a obrazové publikace
|7 fd132947
|2 czenas
|
| 700 |
1 |
|
|a Anděl, Jaroslav,
|d 1949-
|7 jk01010256
|4 com
|
| 910 |
|
|
|a BOA001
|b Z-1097.310
|
| 990 |
|
|
|a BK
|
| 996 |
6 |
|
|b 2610151548
|c Z-1097.310
|l MZK
|r Sklad / do 24 hodin
|n 15
|p p.v.
|w 000584350
|u 000010
|a 1
|e BOA001
|j MZK50
|s P
|